Central Library OPAC University of Rajshahi

A Study on fraternal Relative Deprivation Of Minority Groups In Bangladesh / (Record no. 78542)

MARC details
000 -LEADER
fixed length control field 01005nam a2200253 a 4500
001 - CONTROL NUMBER
control field 78542
003 - CONTROL NUMBER IDENTIFIER
rucl marc code BD-RjUL
005 - DATE AND TIME OF LATEST TRANSACTION
control field 20211209083136.0
008 - FIXED-LENGTH DATA ELEMENTS--GENERAL INFORMATION
fixed length control field 211003s2006 bg a|||| m||| 00| 0 eng d
035 ## - SYSTEM CONTROL NUMBER
System control number (BD-RjUL) 78768
040 ## - CATALOGING SOURCE
Original cataloging agency BD-RjUL
Language of cataloging eng
Transcribing agency BD-RjUL
Modifying agency BD-RjUL
082 ## - DEWEY DECIMAL CLASSIFICATION NUMBER
Classification number 155.8095492
Author mark and year KHS 2006
Edition number 23
100 ## - MAIN ENTRY--PERSONAL NAME
Personal name Khatun, Mst. Hasmat Ara
9 (RLIN) 178499
245 12 - TITLE STATEMENT
Title A Study on fraternal Relative Deprivation Of Minority Groups In Bangladesh /
Statement of responsibility, etc. by Mst. Hasmat Ara Khatun ;
Linkage Supervisor : M. Mozammel, Huq
260 ## - PUBLICATION, DISTRIBUTION, ETC. (IMPRINT)
Place of publication, distribution, etc. Rajshahi :
Name of publisher, distributor, etc. Department of Psychology, University of Rajshahi,
Date of publication, distribution, etc. 2006
300 ## - PHYSICAL DESCRIPTION
Pagination xii, 165 leaves :
Illustrations ill ;
Size 29 cm.
502 ## - DISSERTATION NOTE
Dissertation note Thesis (Ph. D.) -- Department Of Psychology, University of Rajshahi, 2006
504 ## - BIBLIOGRAPHY, ETC. NOTE
Bibliography, etc Reference : Leaves 124 - 153
650 ## - SUBJECT ADDED ENTRY--TOPICAL TERM
Topical term or geographic name as entry element Ethnopsychology
General subdivision Social aspects
Geographic subdivision Bangladesh
9 (RLIN) 249098
Topical term or geographic name as entry element Social psychology
9 (RLIN) 249099
Topical term or geographic name as entry element Intergroup relations.
9 (RLIN) 249097
700 ## - ADDED ENTRY--PERSONAL NAME
Personal name Huq, M. Mozammel, Supervisor
942 ## - ADDED ENTRY ELEMENTS (KOHA)
Source of classification or shelving scheme Dewey Decimal Classification
Koha item type Theses
Holdings
Lost status Source of classification or shelving scheme Damaged status Not for loan Collection code Permanent Location Current Location Shelving location Date acquired Source of acquisition Total Checkouts Full call number Date last seen Copy number Koha item type
  Dewey Decimal Classification   Not For Loan Theses Central Library, University of Rajshahi Central Library, University of Rajshahi Documentation Section 18/07/2007 Controller of Exam. R.U   THE 155.8 KHS 2006 03/10/2021 C-1 Theses